<The> reforms of the House of Lords diplomová práca

Gespeichert in:
Bibliographische Detailangaben
1. Verfasser: Adamík, Máté
Körperschaft: Fakulta aplikovaných jazykov EU v Bratislave. Katedra interkultúrnej komunikácie
Weitere Verfasser: Némethová, Ildikó, 1974-
Format: Buch
Sprache:Englisch
Veröffentlicht: Bratislava 2014
Tags: Tag hinzufügen
Keine Tags, Fügen Sie das erste Tag hinzu!

MARC

LEADER 00000nbm a2200000 4500
001 0185915
005 20170131162138.9
041 0 |a eng 
044 |a SK 
245 1 0 |a <The> reforms of the House of Lords  |b diplomová práca  |c Máté Adamík ; školiteľ: Ildikó Némethová 
264 1 |a Bratislava  |c 2014 
300 |a 55 s. 
100 1 |a Adamík, Máté 
700 1 |a Némethová, Ildikó, 1974- 
710 2 |a Fakulta aplikovaných jazykov EU v Bratislave. Katedra interkultúrnej komunikácie